[Event "Reykjavik op"]
[Site "Reykjavik"]
[Date "2013.02.19"]
[Round "1"]
[White "Dziuba, Marcin"]
[Black "Kleinert, Juergen"]
[Result "1-0"]
[WhiteElo "2602"]
[BlackElo "1991"]
[PlyCount "47"]
[EventDate "2013.02.19"]
[EventType "swiss"]
[EventRounds "10"]
[EventCountry "ISL"]
[SourceTitle "CBM 153 Extra"]
[Source "ChessBase"]
[SourceDate "2013.04.22"]
[SourceVersion "1"]
[SourceVersionDate "2013.04.22"]
[SourceQuality "1"]

1. d4 d5 2. c4 dxc4 3. e3 Nf6 4. Bxc4 e6 5. Nf3 a6 6. 0-0 c5 7. Bb3 Nc6 8. Qe2 b5 9. a4 Na5 10. Bc2 Qb6 11. dxc5 Bxc5 12. e4 Bb7 13. axb5 axb5 14. Nc3 Ba6 15. Bd3 0-0 16. e5 Nd5 17. Bxh7+ Kxh7 18. Ng5+ Kg6 19. Qc2+ f5 20. exf6+ Kxf6 21. Nce4+ Ke7 22. Qxc5+ Qxc5 23. Nxc5 Bc8 24. Nb3 1-0